000 00477nam a2200181Ia 4500
001 11214
005 20260306161929.0
008 260306t2016||||xx |||||||||||||| ||spa||
041 _aESP
082 _a985.019
_bH97
100 _aHusson, Jean-Philippe
_eAUT
245 0 _aLa memoria del mundo inca:
_bGuaman Poma y la escritura de la Nueva corónica
260 _c2016
300 _a367 páginas :
_c24 cm.
650 _aGEN
654 _aCHU
942 _cLIB
_dJUS
_fJUS
_2ddc
_n
999 _c11214
_d11214